[Event "COL-ch U1700"]
[Site "Pereira"]
[Date "2022.02.18"]
[Round "5"]
[White "Ortega Leon, Jaime"]
[Black "Norena Marin, Jeronimo"]
[Result "1/2-1/2"]
[WhiteElo "1573"]
[BlackElo "1375"]
[PlyCount "106"]
[EventDate "2022.02.16"]
[EventType "swiss"]
[EventRounds "9"]
[EventCountry "COL"]
[SourceTitle "CBM 207 Extra"]
[Source "ChessBase"]
[SourceDate "2022.05.31"]
[SourceVersion "1"]
[SourceVersionDate "2022.05.31"]
[SourceQuality "1"]

1. e4 d5 2. exd5 Nf6 3. Nf3 Bg4 4. Be2 Qxd5 5. Nc3 Qf5 6. 0-0 Nc6 7. d3 0-0-0 8. Be3 e5 9. Nh4 Bxe2 10. Nxf5 Bxd1 11. Raxd1 Nd4 12. Bxd4 exd4 13. Ne2 c5 14. a4 g6 15. Nfg3 Bd6 16. f3 Nd5 17. Rd2 Ne3 18. Ra1 f5 19. b3 h5 20. Nf1 Rde8 21. c4 dxc3 22. Nxc3 Be5 23. Rc1 Nxf1 24. Kxf1 Bf4 25. Rcd1 Bxd2 26. Rxd2 Rd8 27. Ne2 g5 28. Ng3 Rd5 29. Kf2 h4 30. Nf1 f4 31. h3 Rhd8 32. Ke2 Re5+ 33. Kd1 Rde8 34. Nh2 Re1+ 35. Kc2 R1e2 36. Ng4 Rxd2+ 37. Kxd2 Kc7 38. Nf6 Re6 39. Ne4 Re5 40. Kc3 Kc6 41. Kc4 a6 42. a5 Rd5 43. Kc3 b5 44. axb6 Kxb6 45. Nd2 Kb5 46. Nc4 Rd7 47. Na3+ Kb6 48. Nc4+ Kb5 49. Nd2 a5 50. Nc4 Re7 51. Nd6+ Kc6 52. Ne4 Re5 53. Kc4 Rd5 1/2-1/2

[Event "COL-ch Amateur U1700"]
[Site "Paipa"]
[Date "2020.02.27"]
[Round "2"]
[White "Ortega Leon, Jaime"]
[Black "Rodriguez Parada, Sebastian"]
[Result "0-1"]
[WhiteElo "1574"]
[BlackElo "1781"]
[PlyCount "77"]
[EventDate "2020.02.26"]
[EventType "swiss"]
[EventRounds "9"]
[EventCountry "COL"]
[SourceTitle "EXT 2021"]
[Source "ChessBase"]
[SourceDate "2020.10.23"]
[SourceVersion "1"]
[SourceVersionDate "2020.10.23"]
[SourceQuality "1"]

1. e4 e5 2. Bc4 Bc5 3. Nf3 d6 4. 0-0 Nf6 5. Re1 0-0 6. c3 Bg4 7. h3 Bh5 8. b4 Bb6 9. d3 Nc6 10. Be3 d5 11. exd5 Nxd5 12. Bxd5 Qxd5 13. Bxb6 axb6 14. c4 Qd6 15. b5 Bxf3 16. Qxf3 Nb4 17. Qe2 Nxd3 18. Rd1 Nf4 19. Qf3 Qc5 20. Nd2 Rfd8 21. Qb3 Ne2+ 22. Kf1 Nd4 23. Qc3 Nxb5 24. Qc1 Nd6 25. Re1 f6 26. Qc2 b5 27. Rac1 bxc4 28. Nxc4 Qxc4+ 29. Qxc4+ Nxc4 30. Rxc4 Rxa2 31. Re2 Rd1+ 32. Re1 Rdd2 33. Rxc7 Rxf2+ 34. Kg1 Rxg2+ 35. Kh1 Rh2+ 36. Kg1 Rag2+ 37. Kf1 Rb2 38. Kg1 Rhc2 39. Rd7 0-1

[Event "Gachantiva op 9th"]
[Site "Gachantiva"]
[Date "2019.06.24"]
[Round "6"]
[White "Ortega Leon, Jaime"]
[Black "Castillo Barajas, Juan Alberto"]
[Result "0-1"]
[WhiteElo "1642"]
[BlackElo "1436"]
[PlyCount "66"]
[EventDate "2019.06.21"]
[EventType "swiss"]
[EventRounds "7"]
[EventCountry "COL"]
[SourceTitle "CBM 191 Extra"]
[Source "ChessBase"]
[SourceDate "2019.09.30"]
[SourceVersion "1"]
[SourceVersionDate "2019.09.30"]
[SourceQuality "1"]

1. e4 c5 2. Nf3 e6 3. d3 d6 4. Be3 Nc6 5. Be2 Bd7 6. 0-0 Qc7 7. Re1 g6 8. Nbd2 Bg7 9. Rb1 Nf6 10. Nf1 0-0 11. Ng3 Ng4 12. Bd2 Nge5 13. Qc1 Nxf3+ 14. Bxf3 Nd4 15. Bd1 e5 16. c3 Ne6 17. Rf1 c4 18. dxc4 Qxc4 19. Bb3 Qc7 20. Bd5 Rae8 21. Be3 Nd8 22. Rd1 Bc6 23. Bh6 Bxd5 24. Rxd5 Ne6 25. Qd2 Rd8 26. Rd1 Rd7 27. Bxg7 Kxg7 28. Rxd6 Rxd6 29. Qxd6 Rd8 30. Qxc7 Rxd1+ 31. Nf1 Nxc7 32. g3 Rb1 33. b3 Rb2 0-1

[Event "Gachantiva op 9th"]
[Site "Gachantiva"]
[Date "2019.06.22"]
[Round "3"]
[White "Prado, Leonardo"]
[Black "Ortega Leon, Jaime"]
[Result "1-0"]
[WhiteElo "2082"]
[BlackElo "1642"]
[PlyCount "103"]
[EventDate "2019.06.21"]
[EventType "swiss"]
[EventRounds "7"]
[EventCountry "COL"]
[SourceTitle "CBM 191 Extra"]
[Source "ChessBase"]
[SourceDate "2019.09.30"]
[SourceVersion "1"]
[SourceVersionDate "2019.09.30"]
[SourceQuality "1"]

1. e4 e6 2. d4 d5 3. e5 Nc6 4. Nf3 b6 5. c4 dxc4 6. Bxc4 Bb7 7. Nc3 Qd7 8. 0-0 0-0-0 9. Be3 Nge7 10. Qe2 Kb8 11. Rfd1 Nd5 12. Nxd5 exd5 13. Bb5 Qg4 14. Rac1 Ne7 15. h3 Qh5 16. Qc2 c6 17. Ng5 Rc8 18. Be2 Qg6 19. Bd3 f5 20. g4 h6 21. gxf5 Qh5 22. Be2 Qh4 23. Nf7 Rg8 24. Kh2 g5 25. Rg1 Qe4 26. Bd3 Qf3 27. f6 Qh5 28. fxe7 Bxe7 29. Nd6 Bxd6 30. exd6 g4 31. Rg3 gxh3 32. Rcg1 Rxg3 33. Rxg3 Rf8 34. Qe2 Qh4 35. Qg4 Qf6 36. Qg6 Qd8 37. Bf5 Rf6 38. Qg8 Rf8 39. Qg4 Qf6 40. Be6 h5 41. Qg7 h4 42. Qxf8+ Qxf8 43. Rg8 Qxg8 44. Bxg8 Bc8 45. Bf7 Bd7 46. f4 Kb7 47. Bg6 Kc8 48. f5 Kd8 49. Bg5+ Kc8 50. f6 Be6 51. Bf5 Kd7 52. f7 1-0